000 01052nam a22002657a 4500
005 20100928110826.0
008 100928t xxu||||| |||| 00| 0 mar d
010 _aMAR-20325
020 _c275.00
_a9788177866018
035 _aMR-12983
037 _bDBAD / PUB
040 _aDPL
_bMR
082 _a921
100 _922134
_aचितळे,विजया माधव
245 _aसुवर्ण किरणे /
_cविजया माधव चितळे
246 _aSuvrna Kirne
_bby Vijaya Madhav Chitre
260 _aऔरंगाबाद
_bसाकेत प्रकाशन
_c2010
270 _a115,म.गांधीनगर स्टेशनरोड
_bऔरंगाबाद
_e431005
300 _a296पृ
_c21सेमी (अजिल्द)
650 _922255
650 _922256
700 _922381
942 _2ddc
_cMR
_h921
_mचितळे
999 _c47995
_d47995